000 01453cam a2200217 4500500
005 20251228065639.0
041 _afre
042 _adc
100 1 0 _aLego, Gaëlle
_eauthor
245 0 0 _aLe dernier étage de la fusée…
260 _c2022.
500 _a6
520 _aDepuis ces dernières années, nous observons une accélération des normes évaluatives qui « impactent » fortement le cœur de nos métiers et l’éthique liée à un travail relationnel. Les gestionnaires profitent d’une « mise en dispositif » des structures du médico-social pour imposer des techniques managériales et tarifaires. Nous faisons l’hypothèse qu’il s’agit là de faire passer le secteur social à une logique marchande, ce que les professionnels du soin, de l’éducatif… refusent. Avant d’accepter (ou pas) cette grille Sérafin- ph dans laquelle « usagers » et professionnels peuvent se noyer, ne s’agit-il pas de revenir sur notre histoire, et en particulier sur les conséquences désastreuses que la T2A a produites à l’hôpital public ?
690 _abullshit jobs
690 _aéthique
690 _aHyper-gestion
690 _amédico-social
690 _atarification à l’acte
786 0 _nVST - Vie sociale et traitements | 154 | 2 | 2022-05-04 | p. 89-95 | 0396-8669
856 4 1 _uhttps://shs.cairn.info/revue-vie-sociale-et-traitements-2022-2-page-89?lang=fr&redirect-ssocas=7080
999 _c1591935
_d1591935